[Event "XVIII Festival Magistrale"]
[Site "Asti ITA"]
[Date "1997.09.28"]
[Round "2"]
[White "Glek, Igor V."]
[Black "Spinelli, Doriano"]
[Result "1/2-1/2"]
[WhiteElo "2505"]
[BlackElo "2200"]
[PlyCount "68"]
[EventDate "1997.09.27"]

1.e4 d5 2.exd5 Qxd5 3.Nc3 Qa5 4.d4 Nf6 5.Nf3 c6 6.Ne5 Be6 7.Bc4 Bxc4 8.
Nxc4 Qf5 9.O-O e6 10.Ne5 h5 11.h3 Nbd7 12.Re1 Rd8 13.Nf3 Be7 14.Ne2 Ne4 
15.Nf4 g5 16.Nxh5 Rxh5 17.g4 Qg6 18.gxh5 Qf5 19.Qd3 Ne5 20.Qxe4 Nxf3+ 21.
Kg2 Nxe1+ 22.Qxe1 g4 23.Qe3 Qxh5 24.hxg4 Qxg4+ 25.Qg3 Rxd4 26.Qxg4 Rxg4+ 
27.Kf1 Bg5 28.Bxg5 Rxg5 29.Ke2 Rb5 30.b3 Rc5 31.Kd3 Ke7 32.Rh1 Ra5 33.a4 
Rf5 34.Ke3 Kd6 1/2-1/2

[Event "XVIII Festival Magistrale"]
[Site "Asti ITA"]
[Date "1997.09.28"]
[Round "2"]
[White "Malano, Francesco"]
[Black "Fittante, Giuliana"]
[Result "1/2-1/2"]
[WhiteElo "2045"]
[BlackElo "1749"]
[PlyCount "36"]
[EventDate "1997.09.27"]

1.Nf3 Nf6 2.b3 d6 3.d4 Nbd7 4.Bb2 g6 5.g3 Bg7 6.Bg2 O-O 7.O-O c5 8.d5 b5 
9.c4 bxc4 10.bxc4 Nb6 11.Nfd2 Rb8 12.Bc3 Ba6 13.Na3 Qd7 14.Rb1 Qa4 15.Qb3 
Qd7 16.Qc2 Qa4 17.Qxa4 Nxa4 18.Ba1 Nd7 1/2-1/2

[Event "XVIII Festival Magistrale"]
[Site "Asti ITA"]
[Date "1997.09.28"]
[Round "2"]
[White "Mollero, Michele"]
[Black "Dubois, Martine"]
[Result "1/2-1/2"]
[WhiteElo "2095"]
[BlackElo "2010"]
[PlyCount "46"]
[EventDate "1997.09.27"]

1.d4 d5 2.c4 Bf5 3.Nc3 e6 4.cxd5 exd5 5.Bf4 Nf6 6.Nf3 c6 7.e3 Qb6 8.Qc1 
Nbd7 9.Be2 Be7 10.O-O O-O 11.a3 Rfc8 12.b4 Qd8 13.Qb2 Nh5 14.Bg3 Nxg3 15.
hxg3 Bf6 16.Rae1 Qf8 17.Nd2 a5 18.b5 Be7 19.Ra1 a4 20.Rfc1 Nf6 21.Nf3 Nd7 
22.Ne1 Be6 23.Bf3 Nb6 1/2-1/2

[Event "XVIII Festival Magistrale"]
[Site "Asti ITA"]
[Date "1997.09.28"]
[Round "2"]
[White "Quagliana, Giuseppe"]
[Black "Frank, Albert"]
[Result "1/2-1/2"]
[WhiteElo "1914"]
[BlackElo "2050"]
[PlyCount "76"]
[EventDate "1997.09.27"]

1.d4 c5 2.d5 e5 3.c4 d6 4.e4 Be7 5.Nc3 a6 6.Bd3 Bg5 7.Nge2 Bxc1 8.Qxc1 Nd7
9.Ng3 g6 10.O-O Qh4 11.Be2 Qf4 12.a3 h5 13.b4 h4 14.Qxf4 exf4 15.Nh1 Ngf6 
16.f3 cxb4 17.axb4 b6 18.Nb5 Ke7 19.Ra3 Bb7 20.Nc7 Rac8 21.Nxa6 Ne5 22.c5 
bxc5 23.bxc5 dxc5 24.Nxc5 Rxc5 25.Ra7 Rb8 26.Rb1 Nfd7 27.Rbxb7 Rc1+ 28.Bf1
Rxb7 29.Rxb7 h3 30.Nf2 hxg2 31.Kxg2 Nxf3 32.Kxf3 Rxf1 33.Ke2 Ra1 34.Nd3 
Ra2+ 35.Kf3 Ra3 36.Ke2 Ra2+ 37.Kd1 Kd8 38.Nxf4 Rxh2 1/2-1/2

[Event "XVIII Festival Magistrale"]
[Site "Asti ITA"]
[Date "1997.09.28"]
[Round "2"]
[White "Rossi, Carlo"]
[Black "Ricca, Roberto"]
[Result "1-0"]
[WhiteElo "2355"]
[BlackElo "2145"]
[PlyCount "73"]
[EventDate "1997.09.27"]

1.Na3 Na6 2.e4 e6 3.Nf3 d5 4.e5 c6 5.c3 Bxa3 6.Bxa6 bxa6 7.bxa3 Rb8 8.O-O 
Ne7 9.Qa4 Qb6 10.Qg4 Nf5 11.a4 a5 12.d4 Ba6 13.Re1 c5 14.Ba3 cxd4 15.Nxd4 
h5 16.Qg5 Qd8 17.Qd2 Qd7 18.Nxf5 exf5 19.Qg5 Qe6 20.Bd6 Rc8 21.Qxg7 Kd7 
22.Qg3 Rhg8 23.Qe3 d4 24.Qxd4 Bb7 25.Rab1 Bxg2 26.f3 Bh3+ 27.Kh1 Bg2+ 28.
Kg1 Bh3+ 29.Kf2 Rg2+ 30.Ke3 f4+ 31.Kd3 Bf5+ 32.Re4 Bxe4+ 33.Qxe4 Qg6 34.
Rb7+ Kd8 35.Qxg6 fxg6 36.e6 Ke8 37.Rg7 1-0

[Event "XVIII Festival Magistrale"]
[Site "Asti ITA"]
[Date "1997.09.28"]
[Round "2"]
[White "Rossi, Giampiero"]
[Black "Naumkin, Igor"]
[Result "0-1"]
[WhiteElo "2150"]
[BlackElo "2410"]
[PlyCount "72"]
[EventDate "1997.09.27"]

1.d4 Nf6 2.c4 e6 3.Nc3 Bb4 4.Qc2 Nc6 5.Nf3 d5 6.e3 Bd7 7.Bd2 O-O 8.cxd5 
exd5 9.Be2 Ne7 10.O-O Bd6 11.Rfc1 c6 12.Be1 Bf5 13.Qb3 Rb8 14.Na4 Re8 15.
Bb4 Bc7 16.Bxe7 Qxe7 17.Nc5 Ne4 18.Nxe4 dxe4 19.Nd2 Rbd8 20.g3 Bc8 21.Bf1 
Kh8 22.Bg2 f5 23.a4 h5 24.a5 a6 25.Nc4 h4 26.Qa3 hxg3 27.hxg3 Qf6 28.b4 g5
29.Nd2 Be6 30.Rc3 Kg7 31.Qc1 Bd5 32.Qc2 Rh8 33.Rb1 Bb8 34.Nb3 Rh5 35.Nc5 
Rdh8 36.Kf1 Rh2 0-1

[Event "XVIII Festival Magistrale"]
[Site "Asti ITA"]
[Date "1997.09.29"]
[Round "3"]
[White "Canelli, Daniele"]
[Black "Ricca, Roberto"]
[Result "1-0"]
[WhiteElo "2065"]
[BlackElo "2145"]
[PlyCount "73"]
[EventDate "1997.09.27"]

1.e4 e5 2.Nf3 Nc6 3.Bc4 Nf6 4.d3 Be7 5.O-O O-O 6.a3 d6 7.h3 h6 8.Nc3 Be6 
9.Nd5 Bxd5 10.exd5 Nb8 11.Be3 Re8 12.Nh2 Bf8 13.Ng4 Nh7 14.f4 f5 15.Nh2 
exf4 16.Bxf4 g6 17.Qd2 Bg7 18.Bxh6 Bxb2 19.Rae1 Bd4+ 20.Kh1 Nd7 21.Nf3 Qf6
22.Nxd4 Qxd4 23.c3 Qf6 24.Bf4 Qf7 25.Ba2 Nhf6 26.c4 b6 27.a4 a5 28.Bh2 
Rxe1 29.Rxe1 Re8 30.Bg1 Rxe1 31.Qxe1 Qe8 32.Qd2 Nh5 33.Bf2 Qe5 34.Bb3 Qf4 
35.Qe1 Ne5 36.Bc2 Nf6 37.Be3 1-0

[Event "XVIII Festival Magistrale"]
[Site "Asti ITA"]
[Date "1997.09.29"]
[Round "3"]
[White "Dubois, Martine"]
[Black "Quagliana, Giuseppe"]
[Result "1/2-1/2"]
[WhiteElo "2010"]
[BlackElo "1914"]
[PlyCount "27"]
[EventDate "1997.09.27"]

1.e4 e6 2.d4 d5 3.Nc3 Bb4 4.Qd3 dxe4 5.Qxe4 Nf6 6.Qh4 Qd5 7.Bd2 Bxc3 8.
Bxc3 Qe4+ 9.Qxe4 Nxe4 10.Bb4 Nc6 11.Bb5 Bd7 12.Ba3 Nd6 13.Bxd6 cxd6 14.c3 
1/2-1/2

[Event "XVIII Festival Magistrale"]
[Site "Asti ITA"]
[Date "1997.09.29"]
[Round "3"]
[White "Fittante, Giuliana"]
[Black "Fuggetta, Leonardo"]
[Result "1-0"]
[WhiteElo "1749"]
[BlackElo "2065"]
[PlyCount "83"]
[EventDate "1997.09.27"]

1.e4 c5 2.d4 cxd4 3.c3 Nf6 4.e5 Nd5 5.cxd4 Nc6 6.Nf3 e6 7.Bc4 d6 8.O-O Be7
9.Nc3 Nxc3 10.bxc3 dxe5 11.dxe5 Qxd1 12.Rxd1 O-O 13.Bf4 Rd8 14.Nd4 Nxd4 
15.cxd4 Bd7 16.d5 Ba4 17.d6 Bxd1 18.dxe7 Rd4 19.Bb5 a6 20.e8=Q+ Rxe8 21.
Bxe8 Kf8 22.Be3 Rd3 23.Bxf7 Kxf7 24.Rc1 Rd7 25.Bb6 Kg6 26.f4 Ba4 27.Rc7 
Rd1+ 28.Kf2 Rd2+ 29.Ke3 Rxg2 30.Rxb7 Rxa2 31.Bc5 Rg2 32.Bf8 Kh5 33.Rb6 Bd7
34.Rxa6 Rxh2 35.Ra7 Bb5 36.Rxg7 Re2+ 37.Kf3 Ra2 38.Rxh7+ Kg6 39.Re7 Ra3+ 
40.Kg4 Ra6 41.Rg7+ Kh6 42.Rb7+ 1-0

[Event "XVIII Festival Magistrale"]
[Site "Asti ITA"]
[Date "1997.09.29"]
[Round "3"]
[White "Flear, Glenn Curtis"]
[Black "Rossi, Carlo"]
[Result "1/2-1/2"]
[WhiteElo "2475"]
[BlackElo "2355"]
[PlyCount "96"]
[EventDate "1997.09.27"]

1.d4 b5 2.e4 Bb7 3.Nd2 a6 4.Bd3 e6 5.Ngf3 Nf6 6.O-O d5 7.e5 Nfd7 8.Nb3 c5 
9.dxc5 Nxc5 10.Nxc5 Bxc5 11.c3 Nc6 12.Qe2 b4 13.cxb4 Nxb4 14.Bb1 Bc6 15.
Rd1 Bb5 16.Qd2 a5 17.Nd4 Qb6 18.Nxb5 Qxb5 19.Qg5 Qe2 20.Rf1 Bd4 21.a3 Nc6 
22.Qxg7 O-O-O 23.Bf4 Rhg8 24.Qxh7 Qg4 25.Bg3 Nxe5 26.Qc2+ Kd7 27.Ba2 Rb8 
28.Rac1 Ke7 29.b3 Kf6 30.Qd1 Bb2 31.Qxg4 Rxg4 32.Rce1 Rc8 33.Re2 Bd4 34.
Rd1 Nc6 35.Kf1 Be5 36.Rc2 Bxg3 37.hxg3 Rh8 38.Kg1 Nd4 39.Rcd2 e5 40.f4 Nf5
41.fxe5+ Kg7 42.Bb1 Ne3 43.Rd4 Rxg3 44.Kf2 Nxd1+ 45.Kxg3 Nc3 46.Rg4+ Kf8 
47.Bd3 Rh1 48.Rf4 Re1 1/2-1/2

[Event "XVIII Festival Magistrale"]
[Site "Asti ITA"]
[Date "1997.09.29"]
[Round "3"]
[White "Frank, Albert"]
[Black "Malano, Francesco"]
[Result "0-1"]
[WhiteElo "2050"]
[BlackElo "2045"]
[PlyCount "60"]
[EventDate "1997.09.27"]

1.c4 Nf6 2.Nc3 e6 3.e4 c5 4.e5 Ng8 5.Nf3 d6 6.exd6 Bxd6 7.Ne4 Nc6 8.b4 
cxb4 9.d4 Nf6 10.Bd3 Nxe4 11.Bxe4 O-O 12.O-O g6 13.Re1 Re8 14.Bh6 Bd7 15.
h4 Qc7 16.Qd2 e5 17.Bd5 exd4 18.Ng5 Nd8 19.Qxd4 Be5 20.Qe3 Bh2+ 21.Kh1 
Rxe3 22.Rxe3 Bf4 23.Nxf7 Nxf7 24.Re7 Bxh6 25.Rxf7 Kh8 26.Re1 Bf8 27.Be6 
Qd8 28.Rxd7 Qxh4+ 29.Kg1 Bc5 30.Rf7 Rf8 0-1

[Event "XVIII Festival Magistrale"]
[Site "Asti ITA"]
[Date "1997.09.29"]
[Round "3"]
[White "Luther, Thomas"]
[Black "Arlandi, Ennio"]
[Result "1/2-1/2"]
[WhiteElo "2525"]
[BlackElo "2470"]
[PlyCount "69"]
[EventDate "1997.09.27"]

1.e4 c6 2.d4 d5 3.Nd2 dxe4 4.Nxe4 Nd7 5.Nf3 Ngf6 6.Nxf6+ Nxf6 7.c3 Bg4 8.
h3 Bxf3 9.Qxf3 Qd5 10.Be2 Qxf3 11.Bxf3 e6 12.Bd2 Bd6 13.O-O-O O-O-O 14.Kc2
Rd7 15.Rhe1 Rhd8 16.Bc1 Bc7 17.b4 Nd5 18.h4 a5 19.a3 axb4 20.axb4 b5 21.h5
h6 22.Bb2 Kb7 23.Ra1 Ra8 24.Rxa8 Kxa8 25.g3 Kb7 26.Ra1 Bd6 27.Bc1 Rd8 28.
Bd2 Ra8 29.Rxa8 Kxa8 30.Kd3 Kb7 31.Be2 Kc7 32.f4 Kd7 33.Ke4 f5+ 34.Kd3 Kc7
35.Bf3 1/2-1/2

[Event "XVIII Festival Magistrale"]
[Site "Asti ITA"]
[Date "1997.09.29"]
[Round "3"]
[White "Nurkic, Sahbaz"]
[Black "Glek, Igor V."]
[Result "0-1"]
[WhiteElo "2430"]
[BlackElo "2505"]
[PlyCount "62"]
[EventDate "1997.09.27"]

1.e4 c6 2.d4 d5 3.exd5 cxd5 4.Bd3 Nc6 5.c3 g6 6.Nf3 Bg7 7.O-O Nf6 8.Re1 
O-O 9.h3 Bf5 10.Bxf5 gxf5 11.Bf4 Ne4 12.Nbd2 e6 13.Nf1 Ne7 14.Ne5 Ng6 15.
Nxg6 hxg6 16.f3 Nd6 17.Bxd6 Qxd6 18.Qd2 b5 19.a3 a5 20.h4 f4 21.Re2 b4 22.
axb4 axb4 23.Rae1 Rfc8 24.h5 gxh5 25.g3 Ra2 26.gxf4 bxc3 27.Qc1 Qa6 28.f5 
cxb2 29.Qg5 f6 30.Qg6 b1=Q 31.Rxe6 Qxe1 0-1

[Event "XVIII Festival Magistrale"]
[Site "Asti ITA"]
[Date "1997.09.29"]
[Round "3"]
[White "Saccona, Silvano"]
[Black "Dutreeuw, Marc"]
[Result "0-1"]
[WhiteElo "2155"]
[BlackElo "2400"]
[PlyCount "118"]
[EventDate "1997.09.27"]

1.e4 e5 2.Nf3 Qe7 3.Nc3 c6 4.d4 d6 5.Be2 Nf6 6.Bg5 h6 7.Be3 Nbd7 8.h3 exd4
9.Qxd4 Nc5 10.e5 dxe5 11.Qxe5 Ncd7 12.Qc7 Qd6 13.Qxd6 Bxd6 14.a3 Nb6 15.
O-O-O Be7 16.Rhe1 O-O 17.g4 Nbd5 18.Nxd5 Nxd5 19.Bd4 Be6 20.Rg1 Nf4 21.Bf1
Rfd8 22.Re1 Bd6 23.g5 h5 24.g6 fxg6 25.Ng5 Bd5 26.c4 Bf7 27.Nxf7 Kxf7 28.
c5 Bc7 29.Bc4+ Nd5 30.Bd3 g5 31.Be5 g4 32.hxg4 h4 33.g5 g6 34.Bc4 Bxe5 35.
Rxe5 Re8 36.Bxd5+ cxd5 37.Rxd5 Red8 38.Rxd8 Rxd8 39.f4 Ke6 40.Rh1 Rh8 41.
Kd2 Kf5 42.Ke3 h3 43.Kf3 Rd8 44.Ke3 Kg4 45.Rg1+ Kh4 46.Rh1 Kg3 47.Rg1+ Kh2
48.Rg4 Rd1 49.Kf2 Rd2+ 50.Kf3 Rxb2 51.Rh4 Rb3+ 52.Ke4 Kg3 53.Rh6 h2 54.f5 
gxf5+ 55.Kxf5 Kg2 56.g6 h1=Q 57.Rxh1 Kxh1 58.g7 Rg3 59.Kf6 Kg2 0-1

[Event "XVIII Festival Magistrale"]
[Site "Asti ITA"]
[Date "1997.09.29"]
[Round "3"]
[White "Spinelli, Doriano"]
[Black "Crea, Vincenzo"]
[Result "1-0"]
[WhiteElo "2200"]
[BlackElo "2155"]
[PlyCount "73"]
[EventDate "1997.09.27"]

1.e4 e6 2.b3 d5 3.Bb2 dxe4 4.Nc3 Nf6 5.Qe2 Be7 6.Nxe4 O-O 7.d4 Qd5 8.Nxf6+
Bxf6 9.O-O-O b6 10.Nf3 Bb7 11.Ne5 Rd8 12.f4 Qa5 13.Qe3 Nd7 14.Bd3 g6 15.
Kb1 Nxe5 16.fxe5 Bg7 17.h4 c5 18.dxc5 Qxc5 19.Qg5 h6 20.Qg3 Qc6 21.Rd2 Ba6
22.Rhd1 Bxd3 23.Rxd3 Qc7 24.Rd6 Bf8 25.h5 g5 26.Qd3 Bxd6 27.exd6 Qc5 28.d7
e5 29.Qf5 Qe7 30.Bxe5 Qe6 31.Qf6 Kf8 32.Rd6 Qg4 33.Qxh6+ Ke7 34.Qf6+ Kf8 
35.h6 Qh4 36.Rd4 Qh5 37.Bd6+ 1-0

[Event "XVIII Festival Magistrale"]
[Site "Asti ITA"]
[Date "1997.09.30"]
[Round "4"]
[White "Crea, Vincenzo"]
[Black "Nurkic, Sahbaz"]
[Result "0-1"]
[WhiteElo "2155"]
[BlackElo "2430"]
[PlyCount "72"]
[EventDate "1997.09.27"]

1.d4 g6 2.Nf3 Bg7 3.Bf4 Nf6 4.e3 O-O 5.Be2 d6 6.h3 b6 7.Nbd2 Bb7 8.c3 Nbd7
9.Qb1 c5 10.O-O Qc7 11.a4 a6 12.Rd1 Bc6 13.Bh2 Qb7 14.b4 Rfc8 15.b5 axb5 
16.axb5 Be4 17.Nxe4 Nxe4 18.Rc1 cxd4 19.cxd4 Nc3 20.Qb2 Rxa1 21.Rxa1 Nxe2+
22.Qxe2 Qd5 23.Bg3 Qb3 24.Ne1 Nf6 25.Qd3 Qd5 26.Ra6 Rc1 27.f3 Nd7 28.Ra7 
Nf8 29.Ra6 Qb7 30.Qa3 Rc7 31.Nd3 Qc8 32.Nb4 Rc1+ 33.Kh2 Qc4 34.Nd5 Qf1 35.
Nxe7+ Kh8 36.Bxd6 Rc2 0-1

[Event "XVIII Festival Magistrale"]
[Site "Asti ITA"]
[Date "1997.09.30"]
[Round "4"]
[White "Dutreeuw, Marc"]
[Black "Rossi, Carlo"]
[Result "1/2-1/2"]
[WhiteElo "2400"]
[BlackElo "2355"]
[PlyCount "82"]
[EventDate "1997.09.27"]

1.e4 Nc6 2.Nf3 d6 3.d4 Nf6 4.Nc3 Bg4 5.Be3 e6 6.Qd2 d5 7.e5 Ne4 8.Nxe4 
dxe4 9.Ng1 f6 10.exf6 Qxf6 11.f3 exf3 12.Nxf3 Bxf3 13.gxf3 O-O-O 14.O-O-O 
Bd6 15.Bh3 Kb8 16.Kb1 h6 17.Rhe1 g5 18.c3 Qxf3 19.Bg2 Qf5+ 20.Ka1 Na5 21.
Bg1 Bf4 22.Qe2 Rd6 23.Be4 Qf7 24.c4 Qd7 25.c5 Ra6 26.b4 Nb3+ 27.Kb1 Ra3 
28.Bc2 Nc1 29.Rxc1 Bxc1 30.Rxc1 Rf8 31.Bb3 a5 32.b5 a4 33.Bxe6 Qh7+ 34.Qc2
Qe7 35.d5 Rf4 36.Qb2 Raf3 37.b6 a3 38.bxc7+ Qxc7 39.Qb6 Qh7+ 40.Ka1 Qg7+ 
41.Kb1 Qg6+ 1/2-1/2

[Event "XVIII Festival Magistrale"]
[Site "Asti ITA"]
[Date "1997.09.30"]
[Round "4"]
[White "Glek, Igor V."]
[Black "Luther, Thomas"]
[Result "0-1"]
[WhiteElo "2505"]
[BlackElo "2525"]
[PlyCount "92"]
[EventDate "1997.09.27"]

1.c4 c5 2.Nf3 Nf6 3.Nc3 Nc6 4.g3 g6 5.Bg2 Bg7 6.d4 cxd4 7.Nxd4 O-O 8.O-O 
d6 9.Nc2 h5 10.Bg5 Be6 11.b3 h4 12.gxh4 Nh5 13.Ne4 Bxa1 14.Qxa1 f6 15.Be3 
Ng7 16.Ng3 Rc8 17.Rd1 Kf7 18.Ne1 Rh8 19.Nf3 Nf5 20.Nxf5 gxf5 21.Bf4 Qa5 
22.Bg3 b5 23.cxb5 Qxb5 24.e3 Qb4 25.Qb1 a5 26.Ne1 Qa3 27.Nc2 Qc5 28.h3 Qc3
29.Kh2 f4 30.Bxf4 Rxh4 31.Ne1 Ne5 32.Rd4 Rch8 33.Bxe5 dxe5 34.Rxh4 Rxh4 
35.Nf3 Rh8 36.Qe4 Qb2 37.Kg1 Qa1+ 38.Kh2 Qxa2 39.Nxe5+ fxe5 40.Qf3+ Kg7 
41.Qg3+ Kf8 42.Qxe5 Rh6 43.Qg5 Rf6 44.f3 Qxb3 45.e4 Qc2 46.h4 Rf7 0-1

[Event "XVIII Festival Magistrale"]
[Site "Asti ITA"]
[Date "1997.09.30"]
[Round "4"]
[White "Malano, Francesco"]
[Black "Saccona, Silvano"]
[Result "1/2-1/2"]
[WhiteElo "2045"]
[BlackElo "2155"]
[PlyCount "80"]
[EventDate "1997.09.27"]

1.Nf3 d5 2.c4 c6 3.cxd5 cxd5 4.d4 Nc6 5.Nc3 Nf6 6.Bf4 e6 7.e3 a6 8.a3 Be7 
9.Bd3 Nh5 10.Be5 Nxe5 11.Nxe5 Nf6 12.Qa4+ Bd7 13.Nxd7 Nxd7 14.O-O O-O 15.
Rac1 Bd6 16.Rc2 b5 17.Qb3 Qb8 18.g3 Nb6 19.a4 b4 20.Nb1 Qb7 21.Nd2 Rfc8 
22.Rfc1 Rxc2 23.Rxc2 Qd7 24.a5 Nc8 25.Qa2 Ne7 26.Qa1 g6 27.Nb3 Rc8 28.
Rxc8+ Qxc8 29.Qf1 Qc7 30.Qe2 Nc6 31.Qc2 Nxa5 32.Qxc7 Bxc7 33.Nxa5 Bxa5 34.
b3 f6 35.Bxa6 Kf7 36.f3 Bb6 37.Kf2 g5 38.h3 f5 39.f4 gxf4 40.gxf4 h6 
1/2-1/2

[Event "XVIII Festival Magistrale"]
[Site "Asti ITA"]
[Date "1997.09.30"]
[Round "4"]
[White "Quagliana, Giuseppe"]
[Black "Canelli, Daniele"]
[Result "1-0"]
[WhiteElo "1914"]
[BlackElo "2065"]
[PlyCount "99"]
[EventDate "1997.09.27"]

1.d4 Nf6 2.c4 e5 3.dxe5 Ne4 4.Nd2 Bb4 5.a3 Qh4 6.g3 Bc5 7.e3 Nxf2 8.Kxf2 
Qh6 9.Ndf3 a5 10.Ne2 Nc6 11.Ned4 Ne7 12.Nb3 Ba7 13.Bd3 b5 14.Be4 Rb8 15.
cxb5 Rxb5 16.Nbd4 Rc5 17.b4 Rc3 18.Qd2 Rc4 19.Qd3 Rc6 20.Nxc6 Nxc6 21.Bxc6
Qxc6 22.b5 Qe6 23.Bb2 Bb7 24.Bd4 Qg4 25.Qe2 Bb8 26.Bc5 h5 27.h3 Qf5 28.
Rae1 d6 29.e4 Qg6 30.exd6 cxd6 31.Bd4 O-O 32.Nh4 Qg5 33.Qe3 Qd8 34.Nf5 f6 
35.Rhf1 Qd7 36.g4 Re8 37.Bxf6 gxf6 38.Qh6 Ba7+ 39.Kg3 Qf7 40.Nxd6 Bb8 41.
Rxf6 Bxd6+ 42.Rxd6 h4+ 43.Kg2 Bxe4+ 44.Rxe4 Qa2+ 45.Rd2 Qf7 46.Qg5+ Kh7 
47.Rxe8 Qxe8 48.Qxh4+ Kg7 49.Qg5+ Kh7 50.Qh5+ 1-0

[Event "XVIII Festival Magistrale"]
[Site "Asti ITA"]
[Date "1997.09.30"]
[Round "4"]
[White "Ricca, Roberto"]
[Black "Frank, Albert"]
[Result "1/2-1/2"]
[WhiteElo "2145"]
[BlackElo "2050"]
[PlyCount "131"]
[EventDate "1997.09.27"]

1.f4 b6 2.Nf3 Bb7 3.d3 g6 4.e4 d6 5.Nc3 Nd7 6.g4 h5 7.g5 e6 8.Bh3 Ne7 9.
Qe2 Nc6 10.Bd2 Qe7 11.O-O-O O-O-O 12.d4 Bg7 13.d5 Nb4 14.Qc4 a5 15.Nb5 Nc5
16.a3 Nba6 17.b4 Na4 18.Na7+ Kb8 19.Nc6+ Bxc6 20.dxc6 Ka7 21.Bf1 Nb8 22.
bxa5 Nc5 23.Be3 d5 24.Qb5 dxe4 25.axb6+ cxb6 26.Rxd8 Qxd8 27.Bxc5 Nxc6 28.
Qa4+ Kb8 29.Qxc6 bxc5 30.Ba6 Qe7 31.Rd1 c4 32.Rd6 exf3 33.Qb6+ Ka8 34.Qc6+
Kb8 35.Qb5+ Ka8 36.Bb7+ Qxb7 37.Ra6+ Kb8 38.Rb6 Qxb6 39.Qxb6+ Ka8 40.Qa6+ 
Kb8 41.Qb6+ Ka8 42.Qa6+ Kb8 43.Qxc4 Rc8 44.Qb3+ Ka7 45.Qxf3 Rc3 46.Qd1 Rc7
47.Qd6 Kb7 48.Qb4+ Kc8 49.c4 Rb7 50.Qa4 Kc7 51.Qe8 Kd6 52.c5+ Kxc5 53.Kc2 
Kd6 54.Kd3 Rc7 55.Qd8+ Rd7 56.Qb6+ Ke7+ 57.Kc4 e5 58.fxe5 Bxe5 59.h3 Rd6 
60.Qb7+ Ke6 61.Qc8+ Ke7 62.a4 Rd4+ 63.Kc5 Rxa4 64.Qb7+ Kf8 65.Kd5 Ba1 66.
Qb5 1/2-1/2

[Event "XVIII Festival Magistrale"]
[Site "Asti ITA"]
[Date "1997.10.01"]
[Round "5"]
[White "Arlandi, Ennio"]
[Black "Naumkin, Igor"]
[Result "1/2-1/2"]
[WhiteElo "2470"]
[BlackElo "2410"]
[PlyCount "104"]
[EventDate "1997.09.27"]

1.d4 Nf6 2.c4 e6 3.Nc3 Bb4 4.Qc2 Nc6 5.Nf3 d5 6.cxd5 exd5 7.Bg5 h6 8.Bxf6 
Qxf6 9.e3 O-O 10.Bd3 Bg4 11.Nd2 Ne7 12.a3 Bxc3 13.Qxc3 c6 14.O-O Bf5 15.
Be2 Nc8 16.b4 a6 17.a4 Nd6 18.Rfc1 Rfe8 19.Ra3 Be4 20.Rb3 Qg5 21.Nxe4 Nxe4
22.Qb2 Re6 23.Bf1 h5 24.b5 cxb5 25.axb5 a5 26.Qa2 b6 27.Rb2 h4 28.h3 Rd8 
29.Rc6 Rdd6 30.Rbc2 Rg6 31.Rxd6 Rxd6 32.Rc6 Qf6 33.Qc2 g6 34.Bd3 Ng5 35.
Rc8+ Kg7 36.Qc7 Nh7 37.Qb8 Qe7 38.Rc6 Rf6 39.Qxb6 Qb4 40.Rxf6 Nxf6 41.Qc7 
a4 42.Qc2 a3 43.Qa2 Ne4 44.Bxe4 dxe4 45.Qd5 Qe1+ 46.Kh2 Qxf2 47.Qe5+ Kh7 
48.b6 a2 49.Qa5 Qg3+ 50.Kh1 Qxe3 51.Qxa2 Qe1+ 52.Kh2 Qg3+ 1/2-1/2

[Event "XVIII Festival Magistrale"]
[Site "Asti ITA"]
[Date "1997.10.01"]
[Round "5"]
[White "Crea, Vincenzo"]
[Black "Malano, Francesco"]
[Result "1-0"]
[WhiteElo "2155"]
[BlackElo "2045"]
[PlyCount "105"]
[EventDate "1997.09.27"]

1.d4 c5 2.c3 Nf6 3.Nf3 cxd4 4.cxd4 d5 5.Nc3 Nc6 6.a3 a6 7.Bf4 Bf5 8.e3 e6 
9.Be2 Be7 10.O-O O-O 11.Nd2 h6 12.Nb3 Nd7 13.Na4 Ndb8 14.Rc1 b6 15.Qd2 Ra7
16.Rc3 b5 17.Bxb8 Nxb8 18.Nac5 Nd7 19.Rfc1 Nb6 20.Na5 Nc4 21.Bxc4 Qxa5 22.
b4 Qb6 23.Bd3 Rfa8 24.Bxf5 exf5 25.Nb3 Qg6 26.Qe2 Re8 27.Qf3 Qe6 28.g3 Qe4
29.Qxe4 fxe4 30.Rc6 Kf8 31.Rb6 a5 32.Nxa5 Bd8 33.Rxb5 Bxa5 34.bxa5 Rd8 35.
Rcc5 Rad7 36.a6 Ke7 37.a4 Ke6 38.a5 Rd6 39.Rb6 Ra8 40.Rcc6 Rxc6 41.Rxc6+ 
Kd7 42.Rb6 g6 43.Kf1 Kc7 44.Rf6 Rf8 45.Ke2 Kb8 46.Kd2 Ka7 47.Kc3 Rc8+ 48.
Kb4 Rc1 49.Kb5 Rb1+ 50.Kc5 Ra1 51.Rxf7+ Kxa6 52.Rf6+ Kxa5 53.Kxd5 1-0

[Event "XVIII Festival Magistrale"]
[Site "Asti ITA"]
[Date "1997.10.01"]
[Round "5"]
[White "Flear, Glenn Curtis"]
[Black "Spinelli, Doriano"]
[Result "1-0"]
[WhiteElo "2475"]
[BlackElo "2200"]
[PlyCount "55"]
[EventDate "1997.09.27"]

1.d4 Nf6 2.c4 e5 3.dxe5 Ne4 4.a3 b6 5.Nf3 Bb7 6.Nbd2 f5 7.exf6 Nxf6 8.g3 
Bc5 9.Bg2 Qe7 10.O-O a5 11.b3 O-O 12.Bb2 Nc6 13.Qc2 Rae8 14.Ng5 g6 15.Bxf6
Rxf6 16.Bd5+ Kg7 17.Nge4 Nd4 18.Qd3 Bxd5 19.cxd5 Qe5 20.Nxf6 Nxe2+ 21.Kg2 
Qxf6 22.Rae1 Qe7 23.Nc4 Kg8 24.Ne3 Nd4 25.Nc2 Ne2 26.b4 axb4 27.axb4 Qg5 
28.Rxe2 1-0

[Event "XVIII Festival Magistrale"]
[Site "Asti ITA"]
[Date "1997.10.01"]
[Round "5"]
[White "Frank, Albert"]
[Black "Fuggetta, Leonardo"]
[Result "1-0"]
[WhiteElo "2050"]
[BlackElo "2065"]
[PlyCount "85"]
[EventDate "1997.09.27"]

1.c4 g6 2.Nc3 Bg7 3.g3 e5 4.Bg2 Nc6 5.e3 d6 6.Nge2 Be6 7.Nd5 Qd7 8.d4 Nd8 
9.e4 c6 10.Ne3 exd4 11.Nxd4 Nf6 12.f4 Bh3 13.Ndf5 Bxg2 14.Nxg7+ Kf8 15.
Nxg2 Kxg7 16.f5 Re8 17.O-O Rxe4 18.fxg6 fxg6 19.Bg5 Ng8 20.Qd3 Qe6 21.Nf4 
Qe5 22.Bh4 Ne6 23.Nxe6+ Qxe6 24.Rad1 Rf8 25.Rxf8 Kxf8 26.Qxd6+ Qxd6 27.
Rxd6 Ke8 28.Rd8+ Kf7 29.Rd7+ Ke8 30.Rxh7 Rxc4 31.Rxb7 Nh6 32.Rxa7 Rc1+ 33.
Kg2 Rc2+ 34.Kh3 Rxb2 35.a4 Nf5 36.Rc7 Nxh4 37.Kxh4 Rb4+ 38.Kg5 Rxa4 39.
Rxc6 Ra2 40.h4 Ra3 41.g4 Ra4 42.Rxg6 Kf7 43.Rb6 1-0

[Event "XVIII Festival Magistrale"]
[Site "Asti ITA"]
[Date "1997.10.01"]
[Round "5"]
[White "Mollero, Michele"]
[Black "Ricca, Roberto"]
[Result "1-0"]
[WhiteElo "2095"]
[BlackElo "2145"]
[PlyCount "71"]
[EventDate "1997.09.27"]

1.d4 f5 2.g3 Nf6 3.Bg2 g6 4.c4 Bg7 5.Nc3 d6 6.Nf3 O-O 7.O-O Qe8 8.d5 Na6 
9.Nd4 Bd7 10.e3 c6 11.b3 c5 12.Nde2 Ne4 13.Bb2 b5 14.Rb1 Nxc3 15.Bxc3 Nc7 
16.Bxg7 Kxg7 17.h4 a5 18.Nf4 a4 19.Qd2 b4 20.Rfe1 Qf7 21.e4 axb3 22.axb3 
Ra3 23.e5 Bc8 24.h5 Rd8 25.Qb2 Kg8 26.hxg6 hxg6 27.Nh3 f4 28.e6 Qg7 29.
Qxg7+ Kxg7 30.Nxf4 Bb7 31.Be4 g5 32.Nh5+ Kh6 33.g4 Ne8 34.Re3 Ng7 35.Rh3 
Nxe6 36.Nf4+ 1-0

[Event "XVIII Festival Magistrale"]
[Site "Asti ITA"]
[Date "1997.10.01"]
[Round "5"]
[White "Nurkic, Sahbaz"]
[Black "Dutreeuw, Marc"]
[Result "1/2-1/2"]
[WhiteElo "2430"]
[BlackElo "2400"]
[PlyCount "98"]
[EventDate "1997.09.27"]

1.e4 e5 2.Nf3 Nf6 3.Nc3 Nc6 4.Bb5 Bb4 5.O-O O-O 6.d3 d6 7.h3 Ne7 8.Ne2 c6 
9.Ba4 Ng6 10.c3 Ba5 11.Ng3 d5 12.Re1 Bb6 13.Bb3 Qc7 14.Bg5 dxe4 15.dxe4 
Nd7 16.Nh5 Nc5 17.Bc2 a5 18.Qe2 Be6 19.b3 Ba7 20.Rad1 b5 21.Qd2 f6 22.Be3 
Rfd8 23.Qc1 Bb6 24.Nh2 Rxd1 25.Rxd1 Rd8 26.Ng4 Rxd1+ 27.Qxd1 Nd7 28.Bxb6 
Nxb6 29.Qd2 Qe7 30.Qe3 Nd7 31.Qa7 Qa3 32.Kh2 Qc1 33.Ne3 Nf4 34.Ng3 Qd2 35.
Bd1 Qxf2 36.Bg4 Bxg4 37.hxg4 Nf8 38.Ngf5 N4e6 39.Qe7 Qd2 40.Qe8 Kh8 41.Qf7
Qd8 42.Ne7 Ng6 43.Nxg6+ hxg6 44.Qxe6 Qd3 45.Nf5 gxf5 46.exf5 Qxc3 47.Qe8+ 
Kh7 48.Qg6+ Kh8 49.Qe8+ Kh7 1/2-1/2

[Event "XVIII Festival Magistrale"]
[Site "Asti ITA"]
[Date "1997.10.01"]
[Round "5"]
[White "Saccona, Silvano"]
[Black "Dubois, Martine"]
[Result "0-1"]
[WhiteElo "2155"]
[BlackElo "2010"]
[PlyCount "144"]
[EventDate "1997.09.27"]

1.e4 Nf6 2.e5 Nd5 3.c4 Nb6 4.d4 d6 5.exd6 cxd6 6.a4 a5 7.Be3 Nc6 8.Na3 Bf5
9.Nf3 Nb4 10.Be2 d5 11.b3 g6 12.c5 Nd7 13.Qd2 Bg7 14.O-O O-O 15.Nh4 Be6 
16.Rac1 Nf6 17.f3 Ne8 18.g4 Qd7 19.Ng2 f5 20.g5 Bf7 21.f4 Nc7 22.Ne1 Nc6 
23.Nf3 Rfd8 24.Qe1 Ne6 25.Nb5 h6 26.Qh4 h5 27.Kh1 Qc8 28.Rg1 Qb8 29.Ne5 
Bxe5 30.fxe5 Ng7 31.Bf4 Be6 32.Rc3 Qc8 33.Rgc1 Qd7 34.Qe1 Nb4 35.Rh3 Kf7 
36.Qd1 Rh8 37.Qd2 Rh7 38.Rhc3 Rc8 39.Na3 Nc6 40.h4 Ra8 41.Bb5 Ne8 42.Nc2 
Nc7 43.Bf1 Na6 44.Rf3 Qd8 45.Bb5 Bd7 46.Qe2 e6 47.Bd2 Nab8 48.Rb1 Kf8 49.
Bc3 Be8 50.Qd2 Kg8 51.Rff1 Re7 52.Rb2 Kg7 53.Be2 Qc7 54.Na3 b6 55.Nb5 Qd8 
56.cxb6 Qxb6 57.Qe3 Na6 58.Bxh5 gxh5 59.g6 Qd8 60.Bd2 Kg8 61.Qh6 Rg7 62.
Be1 Rxg6 63.Rg1 Rg4 64.Rxg4+ hxg4 65.Qxe6+ Kg7 66.Qxf5 Bg6 67.Qxg4 Qe7 68.
Rg2 Qf7 69.Nd6 Qf1+ 70.Rg1 Qd3 71.Nf5+ Kf8 72.Qxg6 Qh3# 0-1